History Quiz

Random History or Celebrity Quiz

Historical Figure by IMDb Biography Description Quiz Stats

 Plays Quiz Updated Aug 24, 2018

Score 0/25 Timer 07:00
0 Plays Today
% Correct
George VI
94.6%
Mark Zuckerberg
94.5%
Bonnie Parker
94.4%
Abraham Lincoln
94.2%
Richard Nixon
93.8%
Steve Jobs
93.7%
Adolf Hitler
93.5%
Marie Antoinette
93.2%
Gandhi
92.8%
Malcolm X
92.7%
Oskar Schindler
92.5%
Charlie Chaplin
92.1%
Margaret Thatcher
91.9%
% Correct
Maria von Trapp‎
91.2%
Elizabeth I
90.5%
George S. Patton
90.3%
Muhammad Ali
88.9%
J. Edgar Hoover
88.4%
Alan Turing
87.1%
Harvey Milk
86.2%
Dian Fossey
81.7%
Aileen Wuornos
80.9%
P.L. Travers
75.7%
John Nash
66.7%
Jake LaMotta
66%

You're not logged in!

Compare scores with friends on all Sporcle quizzes.
OR
Log In

Sporcle TV

Today on Sporcle TV


Watch our educational content, quiz creation guides, and fun videos on Sporcle TV.

Show Comments

Extras

Top Quizzes Today


Score Distribution

Your Account Isn't Verified!

In order to create a playlist on Sporcle, you need to verify the email address you used during registration. Go to your Sporcle Settings to finish the process.

Report this User

Report this user for behavior that violates our Community Guidelines.

Details: